000 00747nam a22002057a 4500
999 _c371940
_d371940
008 201127b ||||| |||| 00| 0 eng d
040 _aDE-2950
_bger
_cDE-2950
_erda
041 _ager
245 _aAngriff in der Bergstraße Frankfurt.
_b"Schockierende Gewalt" - so haben die Anwohner den Übergriff erlebt /
_cFotos: Lisa Mahlke
264 _c2022
653 _aFrankfurt (Oder)
653 _aRechtsextremismus
653 _aÜberfall Verein Utopia e.V.
653 _a12.11.2022
773 _dFrankfurt (Oder) Märkisches Verlags- und Druckhaus GmbH & Co KG
_tMärkische Oderzeitung
_g33. Jahrgang (2022) Nr. 270 vom 19./20.11.2022, S. 17: Fotogr.
942 _cA